000 00869nam a2200205 i 4500
001 189125
003 ES-MaACL
005 20240613145647.0
008 190403s1995 sp |||| | spa d
245 0 0 _aMartín Fernández de Navarrete, el marino historiador (1765-1844)
_b: ciclo de conferencias, noviembre 1994.
260 _aMadrid :
_bInstituto de Historia y Cultura Naval,
_c1995.
300 _a73 p. ;
_c24 cm.
490 1 _aCuadernos monográficos del Instituto de Historia y Cultura Naval ;
_v24
594 _aPrecede al tít.: XI Jornadas de Historia Marítima.
600 1 4 _aFernández de Navarrete, Martín,
_d1765-1844
_949698
710 2 _aInstituto de Historia y Cultura Naval (Madrid)
_94957
830 1 _aCuadernos monográficos del Instituto de Historia y Cultura Naval ;
_v24
_9193258
852 _aES-MaACL
_j2339-F-22
999 _c189125
_d189125